000 00903cab a2200241 4500
001 WB3045-58
008 090401t1994 xxu||||| |||| 00| 0 eng d
035 _a(Sirsi) u16606
041 _aeng
245 _aAgriculture : profitability
260 _c1994
350 _a0
490 _aEstates Gazette Case Summaries
_v1994 EGCS 186 (26 November 1994)
520 _a"Lomas and another v SoS Environment and another", QBD 15 November 1994, discussed whether a burden of inherited debt should be considered when assessing whether an agricultural business was profitable for the purposes of establishing whether a mobile home constituted an agricultural need.
650 _aAGRICULTURAL NEED
650 _aENFORCEMENT NOTICES
650 _aINHERITED DEBT
650 _aMOBILE HOME
650 _aVIABILITY
690 _aPLANNING LAW AND PRACTICE-CASE LAW
942 _n0
948 _c04/03/1997
999 _c10956
_d10956